000 00898nam a22001935i 4500
001 162717
003 ES-MaACL
005 20230906212603.0
008 990302s1871 sp |||| | spa d
080 _a006.91
100 1 _aPujals de la Bastida, Vicente.
_9176379
245 1 0 _aSistema perfecto duodecimal de medidas lineales deducidas de la magnitud del globo terrestre, y legales donde sean legales las decimales francesas /
_cpor Vicente Puyals de la Bastida.
260 _aMadrid :
_b[s.n.],
_c1871 (
_fTip. de Gregorio Estrada)
300 _a14 p. ;
_c17 cm.
530 _aDisponible en formato digital.
650 4 _aSistema duodecimal.
_9150806
852 4 _aES-MaACL
_jT-149-F-1
_z- Enc. hol., falto de cub. original
_z- Enc. en un vol. facticio
_z- Dedicatoria autógrafa del autor
856 4 _uhttp://bdh-rd.bne.es/viewer.vm?id=0000040535&page=1
_zBiblioteca Digital Hispánica
999 _c162717
_d162717